King of the wind / (Record no. 3572)

MARC details
000 -LEADER
fixed length control field 00815nam a22002417a 4500
001 - CONTROL NUMBER
control field 3572
003 - CONTROL NUMBER IDENTIFIER
control field FISKH
005 - DATE AND TIME OF LATEST TRANSACTION
control field 20240321145810.0
008 - FIXED-LENGTH DATA ELEMENTS--GENERAL INFORMATION
fixed length control field 240321b cb ||||| |||| 00| 0 eng d
040 ## - CATALOGING SOURCE
Original cataloging agency FISK
Language of cataloging eng
Transcribing agency FISK
Modifying agency FISK
050 ## - LIBRARY OF CONGRESS CALL NUMBER
Classification number PZ10.H43
082 ## - DEWEY DECIMAL CLASSIFICATION NUMBER
Classification number 823.91
100 ## - MAIN ENTRY--PERSONAL NAME
Personal name Henry Marguerite
Dates associated with a name 1902-1997
245 ## - TITLE STATEMENT
Title King of the wind /
Statement of responsibility, etc. Marguerite Henry
260 ## - PUBLICATION, DISTRIBUTION, ETC.
Place of publication, distribution, etc. New York :
Name of publisher, distributor, etc. Scholastic,
Date of publication, distribution, etc. 1948
300 ## - PHYSICAL DESCRIPTION
Extent 192 pages :
Dimensions illustrations,
Accompanying material 20 cm
505 ## - FORMATTED CONTENTS NOTE
Formatted contents note N
520 ## - SUMMARY, ETC.
Summary, etc. Sham and the stable boy Agba travel from Morocco to France to England where, at last, Sham's majesty is recognized and he becomes the "Godolphin Arabian," ancestor of the most superior Thoroughbred horses.
521 8# - TARGET AUDIENCE NOTE
Target audience note 830
Source Lexile
700 ## - ADDED ENTRY--PERSONAL NAME
Personal name Marguerite Henry
942 ## - ADDED ENTRY ELEMENTS (KOHA)
Source of classification or shelving scheme Dewey Decimal Classification
Koha item type Books
Suppress in OPAC No
Holdings
Withdrawn status Lost status Source of classification or shelving scheme Damaged status Not for loan Collection Home library Current library Shelving location Date acquired Total Checkouts Full call number Barcode Date last seen Copy number Price effective from Koha item type
    Dewey Decimal Classification     Fiction Footprints International School Library Network Toul Kork Campus Footprints International School Library Network Toul Kork Campus TTP Secondary Fiction Bookshelves 03/21/2024   HEN PZ10.H43 823.91 2024-0374 03/21/2024 1 03/21/2024 Books
    Dewey Decimal Classification     Fiction Footprints International School Library Network Toul Kork Campus Footprints International School Library Network Toul Kork Campus   04/01/2024   HEN PZ10.H43 823.91 2024-0430 04/01/2024 2 04/01/2024 Books
    Dewey Decimal Classification     Fiction Footprints International School Library Network Toul Kork Campus Footprints International School Library Network Toul Kork Campus TTP Secondary Fiction Bookshelves 04/01/2024   HEN PZ10.H43 823.91 2024-0431 04/01/2024 3 04/01/2024 Books